[Event "SVK-chT2B 1415"]
[Site "Slovakia"]
[Date "2014.11.09"]
[Round "4.6"]
[White "Nikel, Rastislav"]
[Black "Cvicela, Anton"]
[Result "0-1"]
[WhiteElo "2017"]
[BlackElo "2200"]
[PlyCount "90"]
[EventDate "2014.10.11"]
[EventType "team-tourn"]
[EventRounds "11"]
[EventCountry "SVK"]
[SourceTitle "EXT 2019"]
[Source "ChessBase"]
[SourceDate "2018.10.10"]
[SourceVersion "1"]
[SourceVersionDate "2018.10.10"]
[SourceQuality "1"]
[WhiteTeam "Levice"]
[BlackTeam "Surany Lokomotiva"]
[WhiteTeamCountry "SVK"]
[BlackTeamCountry "SVK"]

1. e4 c5 2. Nf3 Nf6 3. e5 Nd5 4. c4 Nc7 5. d4 cxd4 6. Nxd4 Nc6 7. Nxc6 bxc6 8. Nc3 d6 9. exd6 exd6 10. Bf4 Be7 11. Qf3 Bb7 12. 0-0-0 0-0 13. Qg3 Ne8 14. Bd3 d5 15. h4 Qa5 16. h5 Bf6 17. Bd2 Qc7 18. Qf3 Rb8 19. g4 dxc4 20. Be4 c5 21. g5 Bxe4 22. Qxe4 Bd4 23. g6 Nf6 24. gxh7+ Kh8 25. Qc2 Qb7 26. h6 g6 27. Bf4 Nd5 28. Nxd5 Bxb2+ 29. Kb1 Bd4+ 30. Kc1 Qxd5 31. Rhe1 Qf3 32. Bxb8 Qa3+ 33. Kd2 Rxb8 34. Rb1 Rd8 35. Qxc4 Be3+ 36. Ke2 Rd2+ 37. Kf3 Rxf2+ 38. Kg3 Bd4+ 39. Rb3 Qxa2 40. Rf1 Kxh7 41. Rxf2 Qxf2+ 42. Kh3 Be5 43. Qh4 Qh2+ 44. Kg4 Qg2+ 45. Rg3 f5+ 0-1

[Event "SVK-chT2B 10/11"]
[Site "Slovakia"]
[Date "2011.03.05"]
[Round "8.4"]
[White "Cvicela, Anton"]
[Black "Bakalar, Jan"]
[Result "1-0"]
[WhiteElo "2191"]
[BlackElo "2073"]
[PlyCount "87"]
[EventDate "2010.10.23"]
[EventType "team-tourn"]
[EventRounds "11"]
[EventCountry "SVK"]
[SourceTitle "EXT 2019"]
[Source "ChessBase"]
[SourceDate "2018.10.10"]
[SourceVersion "1"]
[SourceVersionDate "2018.10.10"]
[SourceQuality "1"]
[WhiteTeam "Surany Lokomotiva"]
[BlackTeam "Povazska Bystrica SK Sparta II"]
[WhiteTeamCountry "SVK"]
[BlackTeamCountry "SVK"]

1. e4 c5 2. Nf3 a6 3. Nc3 e6 4. d4 cxd4 5. Nxd4 Qc7 6. f4 b5 7. Bd3 Bb7 8. Qe2 d6 9. Bd2 g6 10. a4 Bg7 11. Be3 b4 12. Na2 e5 13. fxe5 dxe5 14. Nb3 Nf6 15. Bc5 a5 16. c3 Nbd7 17. cxb4 Nxc5 18. bxc5 0-0 19. 0-0 Bc6 20. Nc3 Qb7 21. Bb5 Nd7 22. Rad1 Bxb5 23. Nxb5 Nf6 24. Rfe1 Rfc8 25. Rd3 Bf8 26. Rc3 Qc6 27. Qc2 Qe6 28. h3 Nh5 29. Rd1 Rc6 30. Kh2 Nf4 31. Qd2 g5 32. Rg3 Qg6 33. Nd6 Bxd6 34. cxd6 Qxe4 35. Rxg5+ Ng6 36. d7 Rd8 37. Qxa5 Qf4+ 38. Rg3 Qf6 39. Nc5 Rb6 40. Ne4 Qe6 41. Rd6 Rxd6 42. Qxd8+ Kg7 43. Nxd6 Qxd6 44. Qe8 1-0

[Event "SVK-chT2B 0910"]
[Site "Slovakia"]
[Date "2010.02.28"]
[Round "11.2"]
[White "Cvicela, Anton"]
[Black "Bakalar, Jan"]
[Result "1/2-1/2"]
[WhiteElo "2228"]
[BlackElo "2120"]
[PlyCount "104"]
[EventDate "2009.10.10"]
[EventType "team"]
[EventRounds "11"]
[EventCountry "SVK"]
[SourceTitle "EXT 2011"]
[Source "ChessBase"]
[SourceDate "2010.11.26"]
[SourceVersion "1"]
[SourceVersionDate "2010.11.26"]
[SourceQuality "1"]
[WhiteTeam "Surany"]
[BlackTeam "Bystrica SKS II"]
[WhiteTeamCountry "SVK"]
[BlackTeamCountry "SVK"]

1. e4 c5 2. Nf3 a6 3. d4 cxd4 4. Nxd4 Nf6 5. Nc3 e5 6. Nb3 Bb4 7. Qd3 d5 8. exd5 Qxd5 9. Bd2 Qxd3 10. Bxd3 0-0 11. 0-0-0 Nc6 12. Ne4 Bxd2+ 13. Rxd2 Nb4 14. Nxf6+ gxf6 15. Be4 f5 16. a3 fxe4 17. axb4 Bf5 18. Re1 Rfc8 19. c3 Rc7 20. Rd6 Bg6 21. Rd5 Re7 22. Nc5 a5 23. b5 f5 24. Red1 Be8 25. Nd7 Bxd7 26. Rxd7 Kf7 27. R1d5 Rae8 28. b6 Rxd7 29. Rxd7+ Re7 30. Rd5 Re6 31. Rxa5 Rxb6 32. Rxe5 Kf6 33. Rd5 h5 34. b4 h4 35. Kd2 Ra6 36. Ke3 Ra2 37. Rd2 Ra3 38. Kd4 Ra6 39. c4 h3 40. gxh3 Ra3 41. Kc5 Rd3 42. Re2 Rxh3 43. Kb6 Rh7 44. f3 exf3 45. Rf2 Ke5 46. Rxf3 Ke4 47. Rf1 f4 48. b5 Rxh2 49. Re1+ Kd4 50. Kxb7 Kxc4 51. b6 Kd3 52. Re7 Rb2 1/2-1/2

[Event "SVK-chT2B 0910"]
[Site "Slovakia"]
[Date "2010.02.27"]
[Round "10.2"]
[White "Jakubek, Peter"]
[Black "Cvicela, Anton"]
[Result "0-1"]
[WhiteElo "2155"]
[BlackElo "2228"]
[PlyCount "90"]
[EventDate "2009.10.10"]
[EventType "team"]
[EventRounds "11"]
[EventCountry "SVK"]
[SourceTitle "EXT 2011"]
[Source "ChessBase"]
[SourceDate "2010.11.26"]
[SourceVersion "1"]
[SourceVersionDate "2010.11.26"]
[SourceQuality "1"]
[WhiteTeam "Bystrica SKS"]
[BlackTeam "Surany"]
[WhiteTeamCountry "SVK"]
[BlackTeamCountry "SVK"]

1. e4 c5 2. c3 Nf6 3. e5 Nd5 4. d4 cxd4 5. Nf3 e6 6. cxd4 Nc6 7. Bc4 d6 8. 0-0 Be7 9. Qe2 0-0 10. Qe4 b6 11. Bd3 g6 12. Bh6 Re8 13. Nc3 Bb7 14. Nxd5 exd5 15. Qf4 dxe5 16. dxe5 f6 17. Bb5 a6 18. Bxc6 Bxc6 19. Nd4 fxe5 20. Qxe5 Bf6 21. Qf4 Bb7 22. Qd2 Re4 23. Be3 Qd6 24. f3 Re7 25. Rae1 Rc8 26. Kh1 Be5 27. f4 Bg7 28. f5 Rce8 29. Ne6 gxf5 30. Nxg7 Rxg7 31. Bh6 Rxe1 32. Rxe1 Rg6 33. Re8+ Kf7 34. Rf8+ Ke7 35. Qe1+ Qe6 36. Qh4+ Kd7 37. Qd8+ Kc6 38. Bd2 Qe4 39. Qe8+ Kc5 40. Be3+ d4 41. Bxd4+ Kxd4 42. Qa4+ Ke3 43. Re8 Re6 44. Qb3+ Kf2 45. Qg3+ Kf1 0-1

[Event "SVK-chT 0910"]
[Site "Slovakia"]
[Date "2009.11.28"]
[Round "3"]
[White "Cvicela, Anton"]
[Black "Peterson, Eric"]
[Result "1/2-1/2"]
[WhiteElo "2228"]
[BlackElo "2242"]
[PlyCount "157"]
[EventDate "2009.10.24"]
[EventType "team-tourn"]
[EventRounds "11"]
[EventCountry "SVK"]
[SourceTitle "EXT 2019"]
[Source "ChessBase"]
[SourceDate "2018.10.10"]
[SourceVersion "1"]
[SourceVersionDate "2018.10.10"]
[SourceQuality "1"]
[WhiteTeam "Hlohovec"]
[BlackTeam "Kezmarok"]
[WhiteTeamCountry "SVK"]
[BlackTeamCountry "SVK"]

1. e4 e6 2. d4 d5 3. Nc3 Bb4 4. e5 c5 5. a3 cxd4 6. Qg4 dxc3 7. axb4 cxb2 8. Bxb2 Qe7 9. b5 Nh6 10. Qf4 Nd7 11. Nf3 b6 12. Bd3 Nc5 13. 0-0 Bd7 14. Nd4 0-0 15. Qg3 Nf5 16. Bxf5 exf5 17. Rfe1 Be6 18. h4 Rfc8 19. Qf4 Qd7 20. Ra3 Ne4 21. f3 Nc5 22. Rea1 Rc7 23. Bc1 a5 24. bxa6 Rca7 25. Be3 Rxa6 26. Rxa6 Rxa6 27. Rxa6 Nxa6 28. Nb3 h6 29. Qd4 Qc6 30. Qxb6 Qxb6 31. Bxb6 Kf8 32. Kf2 Ke8 33. Bc5 Nb8 34. Nd4 Bd7 35. f4 Nc6 36. Nb5 Be6 37. Ke3 h5 38. Kd3 Kd7 39. Bf8 g6 40. Bc5 Na5 41. Kc3 Nc6 42. Bd4 Kc8 43. Nd6+ Kd7 44. Bc5 Kd8 45. Kb3 Na5+ 46. Kb4 Nc4 47. Nb5 Kd7 48. Nd4 Kc7 49. Nb3 Kc6 50. Bf2 Nb2 51. Na5+ Kc7 52. Nb3 Kc6 53. Nd4+ Kc7 54. Ka5 Bd7 55. g3 Nd1 56. Be1 Nb2 57. Kb4 Be6 58. Kb5 Kd7 59. Ba5 Nc4 60. Bb4 Nb2 61. Nb3 Nc4 62. Nc5+ Kc7 63. Na6+ Kd7 64. Nc5+ Kc7 65. Nb3 Ne3 66. Bd6+ Kd8 67. Nc5 Nxc2 68. Nb7+ Kd7 69. Nc5+ Kd8 70. Nb7+ Kc8 71. Kb6 Nd4 72. Bc5 Ne2 73. Bd6 Kd7 74. Nc5+ Kc8 75. Kc6 Nd4+ 76. Kb6 Ne2 77. Kc6 Nd4+ 78. Kb6 Ne2 79. Kc6 1/2-1/2

[Event "SVK-chT2B 0910"]
[Site "Slovakia"]
[Date "2009.10.10"]
[Round "1"]
[White "Janco, Darius"]
[Black "Cvicela, Anton"]
[Result "0-1"]
[WhiteElo "2043"]
[BlackElo "2228"]
[PlyCount "174"]
[EventDate "2009.10.10"]
[EventType "team"]
[EventRounds "11"]
[EventCountry "SVK"]
[SourceTitle "EXT 2011"]
[Source "ChessBase"]
[SourceDate "2010.11.26"]
[SourceVersion "1"]
[SourceVersionDate "2010.11.26"]
[SourceQuality "1"]
[WhiteTeam "Partizanske"]
[BlackTeam "Surany"]
[WhiteTeamCountry "SVK"]
[BlackTeamCountry "SVK"]

1. e4 c5 2. Nf3 Nf6 3. Nc3 Nc6 4. d4 d5 5. exd5 Nxd5 6. Nxd5 Qxd5 7. Be3 cxd4 8. Nxd4 a6 9. c3 e5 10. Nf3 Be6 11. Qxd5 Bxd5 12. Be2 Be7 13. 0-0 0-0-0 14. b4 f5 15. a4 Bxf3 16. Bxf3 e4 17. Be2 Bf6 18. b5 axb5 19. axb5 Nb8 20. f3 Rhe8 21. Bf4 g5 22. Bxb8 Kxb8 23. fxe4 Bxc3 24. Ra4 Bd4+ 25. Kh1 fxe4 26. Rd1 Bb6 27. Rxd8+ Bxd8 28. g3 Bb6 29. h4 gxh4 30. gxh4 Kc7 31. Kg2 Kd6 32. Ra1 Rg8+ 33. Kh3 Ke5 34. Rd1 Bd4 35. Rf1 Rg7 36. Bg4 Bc5 37. Kg3 Bd6 38. Kh3 e3 39. h5 Bb4 40. Bf3 Kd4 41. Be2 Kc3 42. Rd1 Kc2 43. Rd4 Ba5 44. Rg4 Rf7 45. Rg2 Kc1 46. Kg4 Be1 47. h6 Bf2 48. Kh5 Kd2 49. Bf1 e2 50. Bxe2 Kxe2 51. Rg7 Rf5+ 52. Kg4 Rxb5 53. Rxh7 Bd4 54. Re7+ Kf2 55. h7 Rb1 56. Rd7 Ba1 57. Kf4 Rb4+ 58. Kf5 Ke2 59. Ke6 b5 60. Ra7 Bd4 61. Ra8 Ra4 62. h8Q Bxh8 63. Rxh8 Rd4 64. Ke5 Kd3 65. Rh1 Rg4 66. Kf5 Rc4 67. Rh3+ Kc2 68. Rh2+ Kb1 69. Rh1+ Kb2 70. Rh2+ Rc2 71. Rh4 Ka3 72. Rh3+ Ka4 73. Ke4 Rd2 74. Ke3 Rd8 75. Rh7 b4 76. Ra7+ Kb3 77. Rb7 Kc3 78. Rc7+ Kb2 79. Rc6 b3 80. Rc7 Kb1 81. Rb7 b2 82. Rc7 Rd5 83. Ra7 Kc2 84. Rc7+ Kb3 85. Rb7+ Kc3 86. Rb8 Re5+ 87. Kf2 Rc5 0-1

[Event "SVK-chT2A 0809"]
[Site "Slovakia"]
[Date "2009.01.10"]
[Round "7.1"]
[White "Cvicela, Anton"]
[Black "Doucha, Ludvig"]
[Result "1/2-1/2"]
[WhiteElo "2217"]
[BlackElo "2080"]
[PlyCount "78"]
[EventDate "2008.10.11"]
[EventType "team-tourn"]
[EventRounds "11"]
[EventCountry "SVK"]
[SourceTitle "EXT 2010"]
[Source "ChessBase"]
[SourceDate "2010.11.25"]
[SourceVersion "1"]
[SourceVersionDate "2010.11.25"]
[SourceQuality "1"]
[WhiteTeam "Hlohovec SK Zentiva II"]
[BlackTeam "Trnava Lokomotiva II"]
[WhiteTeamCountry "SVK"]
[BlackTeamCountry "SVK"]

1. e4 e5 2. Nf3 d6 3. d4 exd4 4. Qxd4 Nc6 5. Bb5 Nge7 6. Bg5 a6 7. Bxc6+ Nxc6 8. Qc3 f6 9. Bh4 Be6 10. Nd4 Nxd4 11. Qxd4 Be7 12. Nc3 c6 13. a4 Qa5 14. 0-0 0-0 15. Bg3 Rad8 16. Rad1 f5 17. b4 Qc7 18. exf5 Bxf5 19. Nd5 Qd7 20. Nxe7+ Qxe7 21. Bh4 g5 22. Qc3 Qg7 23. Qxg7+ Kxg7 24. Bxg5 Rd7 25. Rd2 Re8 26. Rfd1 Re4 27. c3 d5 28. f3 Rc4 29. Be3 a5 30. Bc5 Kf7 31. g4 Bg6 32. Rd4 Rxc3 33. f4 Kg7 34. f5 Bf7 35. Kf2 axb4 36. Bxb4 Rc2+ 37. R1d2 Rc1 38. Ba3 Rc3 39. Bb4 Rc1 1/2-1/2

[Event "SVK-ch op-B"]
[Site "Zvolen"]
[Date "2008.07.08"]
[Round "4"]
[White "Cvicela, Anton"]
[Black "Ivekovic, Ana"]
[Result "0-1"]
[WhiteElo "2265"]
[BlackElo "1842"]
[PlyCount "104"]
[EventDate "2008.07.06"]
[EventType "swiss"]
[EventRounds "9"]
[EventCountry "SVK"]
[SourceTitle "EXT 2009"]
[Source "ChessBase"]
[SourceDate "2008.11.26"]
[SourceVersion "1"]
[SourceVersionDate "2008.11.26"]
[SourceQuality "1"]

1. e4 c5 2. Nf3 Nc6 3. d4 cxd4 4. Nxd4 Nf6 5. Nc3 e5 6. Ndb5 d6 7. Bg5 a6 8. Na3 b5 9. Bxf6 gxf6 10. Nd5 Bg7 11. Bd3 Be6 12. 0-0 f5 13. Qh5 h6 14. c4 bxc4 15. Nxc4 f4 16. Rac1 Bxd5 17. exd5 Nd4 18. g3 fxg3 19. fxg3 0-0 20. Rf2 Ra7 21. Rcf1 Qe7 22. Be4 Rc7 23. b3 Rd7 24. h4 f5 25. Bxf5 Nxf5 26. Rxf5 Rdd8 27. Qg6 Rxf5 28. Rxf5 Qc7 29. Qe6+ Kh8 30. Rf7 Qc5+ 31. Kg2 Qc8 32. Nxd6 Qc2+ 33. Kh3 Qd1 34. Rf2 Qh1+ 35. Kg4 Qd1+ 36. Kf5 Qd3+ 37. Kg4 Qd1+ 38. Rf3 Rxd6 39. Qxd6 h5+ 40. Kxh5 Qxf3+ 41. g4 Qf7+ 42. Kg5 Qf4+ 43. Kh5 Bf8 44. Qe6 e4 45. g5 e3 46. Kg6 Qd6 47. Kf7 Qxe6+ 48. dxe6 e2 49. Kxf8 e1Q 50. e7 Qf2+ 51. Ke8 Qxh4 52. Kd7 Qg4+ 0-1

[Event "SVK-ch op-B"]
[Site "Zvolen"]
[Date "2008.07.06"]
[Round "1"]
[White "Petras, Marian"]
[Black "Cvicela, Anton"]
[Result "0-1"]
[WhiteElo "1728"]
[BlackElo "2265"]
[PlyCount "48"]
[EventDate "2008.07.06"]
[EventType "swiss"]
[EventRounds "9"]
[EventCountry "SVK"]
[SourceTitle "EXT 2009"]
[Source "ChessBase"]
[SourceDate "2008.11.26"]
[SourceVersion "1"]
[SourceVersionDate "2008.11.26"]
[SourceQuality "1"]

1. e4 c5 2. Nf3 Nf6 3. Nc3 Nc6 4. d4 d5 5. Bb5 dxe4 6. d5 a6 7. dxc6 Qxd1+ 8. Kxd1 axb5 9. Nxb5 Ra5 10. Nc7+ Kd8 11. cxb7 Bxb7 12. Bd2 Ra4 13. b3 exf3 14. Ne6+ fxe6 15. bxa4 fxg2 16. Rg1 Ng4 17. Rb1 Bf3+ 18. Ke1 Nxh2 19. Bf4 Ng4 20. a5 e5 21. Be3 e6 22. Kd2 Kc7 23. a6 Be7 24. Kc3 h5 0-1

[Event "SVK-chT2A 0708"]
[Site "Slovakia"]
[Date "2008.03.09"]
[Round "11.1"]
[White "Cvicela, Anton"]
[Black "Tepper, Frantisek"]
[Result "1-0"]
[WhiteElo "2251"]
[BlackElo "2164"]
[PlyCount "95"]
[EventDate "2007.10.06"]
[EventType "team-tourn"]
[EventRounds "11"]
[EventCountry "SVK"]
[SourceTitle "EXT 2010"]
[Source "ChessBase"]
[SourceDate "2010.11.25"]
[SourceVersion "1"]
[SourceVersionDate "2010.11.25"]
[SourceQuality "1"]
[WhiteTeam "Hlohovec SK Zentiva III"]
[BlackTeam "Bratislava Doprastav"]
[WhiteTeamCountry "SVK"]
[BlackTeamCountry "SVK"]

1. e4 e5 2. Nf3 Nf6 3. Nc3 Bb4 4. Nxe5 Qe7 5. Nd3 Bxc3 6. dxc3 Qxe4+ 7. Be2 0-0 8. 0-0 Nc6 9. f4 d6 10. f5 Bxf5 11. Bg5 Bg6 12. Qd2 Rae8 13. Rae1 Qe6 14. Nf4 Qe5 15. Nd3 Qe6 16. Bxf6 gxf6 17. Nf4 Qe3+ 18. Qxe3 Rxe3 19. Nd5 Re6 20. Nxc7 Re5 21. Rxf6 Rc8 22. Nb5 Rce8 23. Kf1 Bxc2 24. Nxd6 R8e7 25. Rf3 Kf8 26. Kf2 Bg6 27. Nc4 Rh5 28. h3 Ne5 29. Re3 Rf5+ 30. Kg1 Nxc4 31. Bxc4 Rxe3 32. Rxe3 Ra5 33. Kf2 Rf5+ 34. Ke2 Rf6 35. Re5 b6 36. Ke3 Rc6 37. Bd5 Rf6 38. Bf3 Rd6 39. Rd5 Re6+ 40. Kd4 Re1 41. Rd7 Rb1 42. b4 Rb2 43. Rxa7 Rd2+ 44. Ke5 Rd3 45. c4 Re3+ 46. Kd5 f6 47. c5 Bf7+ 48. Kd4 1-0

[Event "SVK-chT1E 0708"]
[Site "Slovakia"]
[Date "2008.01.13"]
[Round "7.2"]
[White "Cvicela, Anton"]
[Black "Maslikova, Veronika"]
[Result "1-0"]
[WhiteElo "2251"]
[BlackElo "2192"]
[PlyCount "101"]
[EventDate "2007.10.13"]
[EventType "team-swiss"]
[EventRounds "11"]
[EventCountry "SVK"]
[SourceTitle "EXT 2019"]
[Source "ChessBase"]
[SourceDate "2018.10.10"]
[SourceVersion "1"]
[SourceVersionDate "2018.10.10"]
[SourceQuality "1"]
[WhiteTeam "Hlohovec SK Zentiva II"]
[BlackTeam "Budmerice"]
[WhiteTeamCountry "SVK"]
[BlackTeamCountry "SVK"]

1. e4 c5 2. Nf3 d6 3. d4 cxd4 4. Nxd4 Nf6 5. Nc3 Nc6 6. f3 a6 7. Be3 e6 8. Qd2 Bd7 9. g4 Nxd4 10. Bxd4 Bc6 11. 0-0-0 b5 12. g5 Nd7 13. h4 Qc7 14. Bd3 Ne5 15. Qf2 b4 16. Ne2 Nxd3+ 17. Rxd3 d5 18. e5 Bb5 19. Rd2 Qa5 20. Kb1 b3 21. Nc1 bxa2+ 22. Nxa2 Rb8 23. f4 Bd7 24. h5 Qb5 25. Rh3 Qb7 26. Rdd3 Be7 27. g6 Bb5 28. Rb3 fxg6 29. hxg6 h6 30. f5 exf5 31. e6 0-0 32. Rh5 Qc6 33. Re3 f4 34. Re1 Bc4 35. Nc1 Rb7 36. Qh2 Bf6 37. Qxf4 Bxd4 38. Qxd4 Re7 39. b3 Bb5 40. Rhe5 Rc8 41. Qf2 Rf8 42. Rf5 Rxf5 43. Qxf5 Qe8 44. Nd3 Bxd3 45. Qxd3 Qb5 46. Qf5 a5 47. Re5 Qe8 48. Rxd5 Qf8 49. Qf7+ Rxf7 50. exf7+ Kh8 51. Re5 1-0

[Event "SVK-chT1E 0708"]
[Site "Slovakia"]
[Date "2007.11.10"]
[Round "3.2"]
[White "Cvicela, Anton"]
[Black "Hanko, Pavol"]
[Result "1-0"]
[WhiteElo "2251"]
[BlackElo "2160"]
[PlyCount "71"]
[EventDate "2007.10.13"]
[EventType "team-swiss"]
[EventRounds "11"]
[EventCountry "SVK"]
[SourceTitle "EXT 2019"]
[Source "ChessBase"]
[SourceDate "2018.10.10"]
[SourceVersion "1"]
[SourceVersionDate "2018.10.10"]
[SourceQuality "1"]
[WhiteTeam "Hlohovec SK Zentiva II"]
[BlackTeam "Prievidza SK"]
[WhiteTeamCountry "SVK"]
[BlackTeamCountry "SVK"]

1. e4 c5 2. Nf3 e6 3. d4 cxd4 4. Nxd4 Nf6 5. Bd3 Nc6 6. Nxc6 dxc6 7. 0-0 e5 8. Bg5 Be7 9. Nd2 0-0 10. Qe1 Nd5 11. Bxe7 Nxe7 12. Nc4 Ng6 13. Rd1 Qg5 14. Qe3 Qxe3 15. Nxe3 Nf4 16. g3 Nxd3 17. Rxd3 Be6 18. Rfd1 g6 19. f4 exf4 20. gxf4 f5 21. e5 Kf7 22. Rd6 Ke7 23. c4 g5 24. fxg5 f4 25. Nc2 Rf5 26. Nd4 Rxg5+ 27. Kf2 Bg4 28. Rg1 Rxe5 29. Rxc6 Rd8 30. Rxg4 Rxd4 31. Rh6 Rf5 32. Rg7+ Kf8 33. Rhxh7 f3 34. Rxb7 Rd2+ 35. Ke1 Re2+ 36. Kf1 1-0

[Event "SVK-chT 0708"]
[Site "Slovakia"]
[Date "2007.10.21"]
[Round "2"]
[White "Szeko, Ludovit"]
[Black "Cvicela, Anton"]
[Result "1-0"]
[WhiteElo "2054"]
[BlackElo "2251"]
[PlyCount "141"]
[EventDate "2007.10.20"]
[EventType "team-tourn"]
[EventRounds "11"]
[EventCountry "SVK"]
[SourceTitle "EXT 2019"]
[Source "ChessBase"]
[SourceDate "2018.10.10"]
[SourceVersion "1"]
[SourceVersionDate "2018.10.10"]
[SourceQuality "1"]
[WhiteTeam "Nove Zamky Basta"]
[BlackTeam "Hlohovec"]
[WhiteTeamCountry "SVK"]
[BlackTeamCountry "SVK"]

1. e4 c5 2. Nf3 Nc6 3. d4 cxd4 4. Nxd4 g6 5. Be3 Bg7 6. Nc3 Nf6 7. Be2 0-0 8. 0-0 d5 9. exd5 Nxd5 10. Nxd5 Nxd4 11. Bxd4 Qxd5 12. Bxg7 Qxd1 13. Rfxd1 Kxg7 14. Bf3 Be6 15. Bd5 Bf5 16. Bb3 Rfd8 17. Kf1 a5 18. Rxd8 Rxd8 19. Ke2 b5 20. a4 b4 21. Rd1 Rc8 22. Rd2 Rc5 23. Kd1 Be4 24. f3 Bc6 25. Ke2 g5 26. Kf2 h5 27. h3 h4 28. Rd8 Kf6 29. Rc8 Ke5 30. Rg8 f6 31. Ke3 Kd6 32. Rd8+ Kc7 33. Rf8 Bb7 34. Kf2 Bc8 35. Ke2 Re5+ 36. Kf2 Ba6 37. Re8 Be2 38. Ra8 Bd1 39. Ra7+ Kc6 40. Ra8 Be2 41. Rd8 Ba6 42. Rd2 Rc5 43. Be6 Kb6 44. Bd7 Bc4 45. b3 Rd5 46. Rxd5 Bxd5 47. Ke3 Kc5 48. Bb5 e5 49. Bd3 Bf7 50. Bf5 Be8 51. Bh7 Bc6 52. Bf5 Bb7 53. Bd3 Bc8 54. Ke4 Kd6 55. Bc4 f5+ 56. Ke3 Bb7 57. Bf1 Kc5 58. Bb5 f4+ 59. Kd3 g4 60. hxg4 Bxf3 61. g5 Bxg2 62. g6 e4+ 63. Ke2 h3 64. g7 h2 65. g8Q Bf3+ 66. Kf2 h1Q 67. Qf8+ Kd4 68. Qf6+ Kc5 69. Qe5+ Kb6 70. Qd6+ Kb7 71. Bc6+ 1-0

[Event "SVK-chT2A 0708"]
[Site "Slovakia"]
[Date "2007.10.07"]
[Round "2.1"]
[White "Tibensky, Robert"]
[Black "Cvicela, Anton"]
[Result "1-0"]
[WhiteElo "2431"]
[BlackElo "2251"]
[PlyCount "69"]
[EventDate "2007.10.06"]
[EventType "team-tourn"]
[EventRounds "11"]
[EventCountry "SVK"]
[SourceTitle "EXT 2010"]
[Source "ChessBase"]
[SourceDate "2010.11.25"]
[SourceVersion "1"]
[SourceVersionDate "2010.11.25"]
[SourceQuality "1"]
[WhiteTeam "Pezinok KS"]
[BlackTeam "Hlohovec SK Zentiva III"]
[WhiteTeamCountry "SVK"]
[BlackTeamCountry "SVK"]

1. d4 d5 2. c4 c6 3. Nf3 Nf6 4. e3 e6 5. Nc3 Nbd7 6. Be2 dxc4 7. a4 Bb4 8. Bxc4 0-0 9. 0-0 c5 10. Qe2 cxd4 11. exd4 Nb6 12. Bb3 Nbd5 13. Bd2 Qb6 14. Bc4 Bd7 15. a5 Nxc3 16. bxc3 Bxa5 17. Ne5 Qd8 18. Bg5 Bc7 19. Rad1 Bc6 20. Rd3 Be4 21. Rg3 Bg6 22. Qf3 Qc8 23. Nxg6 hxg6 24. Rh3 Nh7 25. Bd2 a6 26. Ba2 b5 27. Re1 Ra7 28. d5 exd5 29. Be3 d4 30. cxd4 Ba5 31. Rf1 Qc2 32. Bb1 Qb2 33. d5 Rd7 34. Rxh7 Kxh7 35. Qh3+ 1-0

[Event "SVK-chT2A 0708"]
[Site "Slovakia"]
[Date "2007.10.06"]
[Round "1.1"]
[White "Cvicela, Anton"]
[Black "Rachela, Milan"]
[Result "1-0"]
[WhiteElo "2251"]
[BlackElo "2312"]
[PlyCount "98"]
[EventDate "2007.10.06"]
[EventType "team-tourn"]
[EventRounds "11"]
[EventCountry "SVK"]
[SourceTitle "EXT 2010"]
[Source "ChessBase"]
[SourceDate "2010.11.25"]
[SourceVersion "1"]
[SourceVersionDate "2010.11.25"]
[SourceQuality "1"]
[WhiteTeam "Hlohovec SK Zentiva III"]
[BlackTeam "Dunajska Streda SK II"]
[WhiteTeamCountry "SVK"]
[BlackTeamCountry "SVK"]

1. e4 e5 2. Nf3 Nc6 3. d4 exd4 4. Nxd4 Bc5 5. Be3 Qf6 6. c3 Nge7 7. g3 d5 8. Bg2 Bxd4 9. cxd4 dxe4 10. Nc3 0-0 11. Nxe4 Qg6 12. 0-0 Be6 13. Nc5 Bd5 14. Nxb7 Bxg2 15. Kxg2 Rab8 16. Nc5 Rxb2 17. d5 Nf5 18. Bc1 Rc2 19. Nd3 Ncd4 20. Kh1 Qa6 21. Nb4 Qc4 22. Nxc2 Nxc2 23. Rb1 Re8 24. Bf4 Nfd4 25. f3 h6 26. Rb7 Re2 27. Rxc7 Qxa2 28. g4 f5 29. gxf5 Ne3 30. Rxg7+ Kxg7 31. Qxd4+ Kh7 32. Rg1 Nxf5 33. Qf6 Qxd5 34. Qg6+ Kh8 35. Qg4 Qe6 36. Bxh6 Re1 37. Bg7+ Kh7 38. Qh5+ Nh6 39. Bxh6 Rxg1+ 40. Kxg1 Qe1+ 41. Kg2 Qe2+ 42. Kh3 Qf1+ 43. Kg4 Qg2+ 44. Kf5 Qc2+ 45. Kf4 Qd2+ 46. Ke4 Qc2+ 47. Kd4 Qb2+ 48. Kd3 Qb1+ 49. Ke2 Qb5+ 1-0

[Event "SVK-ch op-B"]
[Site "Banska Stiavnica"]
[Date "2007.07.10"]
[Round "4"]
[White "Stric, Dusan"]
[Black "Cvicela, Anton"]
[Result "0-1"]
[WhiteElo "2063"]
[BlackElo "2277"]
[PlyCount "114"]
[EventDate "2007.07.07"]
[EventType "swiss"]
[EventRounds "9"]
[EventCountry "SVK"]
[SourceTitle "CBM 119 Extra"]
[Source "ChessBase"]
[SourceDate "2007.09.04"]
[SourceVersion "1"]
[SourceVersionDate "2007.09.04"]
[SourceQuality "1"]

1. c4 e6 2. g3 d5 3. cxd5 exd5 4. Bg2 Nf6 5. b3 Bf5 6. Nf3 Nc6 7. 0-0 Bd6 8. Bb2 0-0 9. d3 Re8 10. Nc3 Qd7 11. Re1 a6 12. a3 Bh3 13. e3 Bxg2 14. Kxg2 Ne5 15. Nxe5 Rxe5 16. f4 Rh5 17. h4 Ng4 18. e4 d4 19. Nd5 Rxd5 20. exd5 Ne3+ 21. Rxe3 dxe3 22. Qf3 Re8 23. Re1 Bc5 24. d4 Bb6 25. Rxe3 Rxe3 26. Qxe3 Qxd5+ 27. Qf3 Qxf3+ 28. Kxf3 f5 29. g4 g6 30. h5 gxh5 31. gxf5 c6 32. Ke4 h4 33. Bc3 Kf7 34. Be1 h3 35. Bg3 c5 36. d5 c4 37. bxc4 Bg1 38. Kf3 b5 39. cxb5 axb5 40. Be1 Be3 41. Kg3 Kf6 42. Kxh3 Kxf5 43. d6 Ke6 44. f5+ Kxd6 45. Bb4+ Bc5 46. Bxc5+ Kxc5 47. Kg4 Kd5 48. Kg5 Ke5 49. f6 Ke6 50. Kh6 Kxf6 51. Kxh7 Ke5 52. Kg6 Kd5 53. Kf5 Kc4 54. Ke4 Kb3 55. Kd3 Kxa3 56. Kc2 b4 57. Kb1 Kb3 0-1

[Event "SVK-ch op-B"]
[Site "Banska Stiavnica"]
[Date "2007.07.09"]
[Round "3"]
[White "Cvicela, Anton"]
[Black "Navratil, Jiri2"]
[Result "1-0"]
[WhiteElo "2277"]
[BlackElo "1861"]
[PlyCount "68"]
[EventDate "2007.07.07"]
[EventType "swiss"]
[EventRounds "9"]
[EventCountry "SVK"]
[SourceTitle "CBM 119 Extra"]
[Source "ChessBase"]
[SourceDate "2007.09.04"]
[SourceVersion "1"]
[SourceVersionDate "2007.09.04"]
[SourceQuality "1"]

1. e4 c5 2. Nf3 d6 3. d4 cxd4 4. Nxd4 Nf6 5. Nc3 a6 6. Be3 e6 7. f3 b5 8. Qd2 Bb7 9. 0-0-0 Qc7 10. g4 Be7 11. h4 Nc6 12. Nxc6 Bxc6 13. Ne2 Rc8 14. Nd4 Bb7 15. g5 Nd7 16. h5 Ne5 17. Rg1 Nc4 18. Bxc4 Qxc4 19. Kb1 d5 20. e5 b4 21. Rg4 Qc7 22. f4 Bc5 23. g6 b3 24. axb3 Qb6 25. gxf7+ Kxf7 26. Rdg1 Rhg8 27. Qg2 Bxd4 28. Bxd4 Qxd4 29. Rxg7+ Rxg7 30. Qxg7+ Ke8 31. Qg8+ Kd7 32. Rg7+ Kc6 33. Qxe6+ Kc5 34. Qd6+ Kb5 1-0